Normal view
MARC view
- Dreamworks Pictures
Entry Corporate Name
001 - CONTROL NUMBER
- control field: 35426
003 - CONTROL NUMBER IDENTIFIER
- control field: OSt
005 - DATE AND TIME OF LATEST TRANSACTION
- control field: 20140306111024.0
008 - FIXED-LENGTH DATA ELEMENTS
- fixed length control field: 140306|| aca||aabn | a|a d
040 ## - CATALOGING SOURCE
- Original cataloging agency: OSt
110 20 - HEADING--CORPORATE NAME
- Corporate name or jurisdiction name as entry element: Dreamworks Pictures
410 20 - SEE FROM TRACING--CORPORATE NAME
- Corporate name or jurisdiction name as entry element: Dream Works Pictures
410 20 - SEE FROM TRACING--CORPORATE NAME
- Corporate name or jurisdiction name as entry element: DreamWorks
410 20 - SEE FROM TRACING--CORPORATE NAME
- Corporate name or jurisdiction name as entry element: DreamWorks SKG